| 000 | 01023na a2200229 4500 | ||
|---|---|---|---|
| 001 | 21671 | ||
| 003 | MIRAKIL | ||
| 005 | 20181213155010.0 | ||
| 008 | 170206b tu 000 0 | ||
| 040 |
_aMilas _btur _cTR-AnCHP |
||
| 041 | _atur | ||
| 082 |
_a351.7223 _bİ45 2007 |
||
| 090 | _a351.7223 İ45 2007 | ||
| 245 | _a2007 merkezi yönetim bütçesi | ||
| 260 |
_aAnkara _b[yayl. y.] _c2007 |
||
| 300 |
_a2 c. (3 kitap) _btbl. _c16 sm. |
||
| 505 | _ac.1: (I) sayılı cetvel Genel bütçe kapsamındaki kamu idareleri ve (II) Sayılı cetvel özel bütçeli idareler (B-özel bütçeli diğer idareler) ile (III) sayılı cetvel düzenleyici ve denetleyici kurumlar - c.2 : (II) sayılı cetvel Özel bütçeli İdareler (A- Yükseköğretim kurulu, Üniversiteler ve Yüksek Teknoloji Enstitüleri) - C.2: Cilt 2 devam | ||
| 650 |
_aÖzel bütçeli idareler _xKesin bütçe _y2007 |
||
| 650 |
_aYüksekögretim Kurulu _xKesin bütçe _y2007 |
||
| 650 |
_aMerkezi yönetim _xKesin bütçe _y2007 |
||
| 942 |
_2ddc _cBKS |
||
| 999 |
_c4564 _d4564 |
||